000 00931nam0a22003011 4500
001 2574287
005 20250622225239.0
021 _aRU
_b78-7229
035 _a(NLR Aleph) 006457841
090 _a5805326
_c5805326
100 _a20110316d1978 |||y0rusy50 ca
101 1 _arus
_ager
_cest
_gger
102 _aRU
105 _aa z |||||
200 1 _aTimbu-Limbus
_eHofstaat und die Schneemüller
_fErzählt von Kalju Kangur
_gGez. von Asta Vender
_gDeutsch von Helga Viira
210 _aTallinn
_cEesti raamat
_d[1978]
215 _a38 с.
_cил.
_d28
686 _aШ9(2)680нем
_2rubbk
686 _aЩ897.58(2)Вендер,А.-1
_2rubbk
700 1 _aКангур
_bК.
_gКалью
702 1 _aViira
_bH.
_gHelga
_4570
702 1 _aВендер
_bА.
_gАста
_4440
801 0 _aRU
_bNLR
_gpsbo
801 1 _aRU
_bELAR
_2rusmarc
852 _aNLR
_jDesideratum
899 _aRuMoRGB
_jНем 78-4/41
942 _cBOOK
980 _aNB